Využitie simulácií v riadení rizík komerčných poisťovní študijný odbor: 8 Ekonómia a manažment

Na minha lista:
Detalhes bibliográficos
Autor principal: Páleš, Michal, 1984-
Autor Corporativo: Ekonomická univerzita v Bratislave. Fakulta hospodárskej informatiky
Formato: Livro
Idioma:eslovaco
Publicado em: Bratislava Vydavateľstvo EKONÓM 2020
Edição:1. vydanie
Colecção:Habilitačné a inauguračné prednášky
Assuntos:
Tags: Adicionar Tag
Sem tags, seja o primeiro a adicionar uma tag!

MARC

LEADER 00000nam a2200000 4500
001 0266931
005 20240306142123.8
020 |a 978-80-225-4709-3 
041 0 |a slo 
044 |a SK 
245 1 0 |a Využitie simulácií v riadení rizík komerčných poisťovní  |b študijný odbor: 8 Ekonómia a manažment  |c Michal Páleš 
250 |a 1. vydanie 
264 1 |a Bratislava  |b Vydavateľstvo EKONÓM  |c 2020 
300 |a 50 s. 
490 1 |a Habilitačné a inauguračné prednášky 
830 0 |a Habilitačné a inauguračné prednášky 
610 2 0 |a riadenie rizík 
610 2 0 |a simulácia 
610 2 0 |a poisťovne komerčné 
100 1 |a Páleš, Michal, 1984- 
710 2 |a Ekonomická univerzita v Bratislave. Fakulta hospodárskej informatiky